00368nam a2200145Ia 4500003000400000005001700004008004000021040000700061041000800068082001900076100002800095245005200123260003900175300000800214OSt20220606111555.0210210b2003 xxu||||| |||| 00| 0 eng d cAL aeng a321.80954 SHAC aSHALINI (M) and others. aConstitution of India human rights environment aMangalorebSt. Agnes Collegec2003 a300